Dirigeants de la France de 377 à Aujourd'hui. ( roi, president, empereur...) - Statistiques

Statistiques générales
  • Ce quiz a été pris 6 454 fois
    5 034 depuis la dernière actualisation
  • Le résultat moyen est 82 sur 135
Statistiques - réponses
Règne Titre Dirigeant % Correct
814-840 Roi Carolingien Louis Ier
97%
877-879 Roi Carolingien Louis II
97%
879-882 Roi Carolingien Louis III
97%
936-954 Roi Carolingien Louis IV
97%
1226-1270 Roi Capétien Louis IX
97%
986-987 Roi Carolingien Louis V
97%
1108-1137 Roi Capétien Louis VI
97%
1137-1180 Roi Capétien Louis VII
97%
1223-1226 Roi Capétien Louis VIII
97%
1314-1316 Roi Capétien Louis X
97%
1461-1483 Roi Valois Louis XI
97%
1498-1515 Roi Valois Louis XII
97%
1610-1643 Roi Bourbon Louis XIII
97%
1643-1715 Roi Bourbon Louis XIV
97%
1715-1774 Roi Bourbon Louis XV
97%
1774-1792 Roi Bourbon Louis XVI
97%
1814-1815 Roi Bourbon Louis XVIII
97%
1815-1824 Roi Bourbon Louis XVIII
97%
2017- Président de la Vème République Emmanuel Macron
95%
1848-1852 Président de la IIème République Louis-Napoléon Bonaparte
95%
1799-1804 Premier Consul Napoléon Bonaparte
95%
2012-2017 Président de la Vème République François Hollande
94%
1804-1814 Empereur des Français Napoléon Ier
93%
1815-1815 Empereur des Français Napoléon Ier
93%
1852-1870 Empereur des Français Napoléon III
93%
2007-2012 Président de la Vème République Nicolas Sarkozy
93%
1944-1946 Gouvernement provisoire de la République française Charles de Gaulle
92%
1959-1969 Président de la Vème République Charles de Gaulle
92%
768-814 Roi Carolingien Charles Ier
92%
840-877 Roi Carolingien Charles II
92%
885-887 Roi Carolingien Charles III le gros
92%
898-922 Roi Carolingien Charles III le simple
92%
1322-1328 Roi Capétien Charles IV
92%
1560-1574 Roi Valois Charles IX
92%
1364-1380 Roi Valois Charles V
92%
1380-1422 Roi Valois Charles VI
92%
1422-1461 Roi Valois Charles VII
92%
1483-1498 Roi Valois Charles VIII
92%
1824-1830 Roi Bourbon Charles X
92%
481-511 Roi Mérovingien Clovis Ier
91%
639-657 Roi Mérovingien Clovis II
91%
675-676 Roi Mérovingien Clovis III
91%
691-695 Roi Mérovingien Clovis IV
91%
1995-2007 Président de la Vème République Jacques Chirac
91%
1974-1981 Président de la Vème République Valéry Giscard d'Estaing
88%
1969-1974 Président de la Vème République Georges Pompidou
87%
1031-1060 Roi Capétien Henri Ier
86%
1547-1559 Roi Valois Henri II
86%
1574-1589 Roi Valois Henri III
86%
1589-1610 Roi Bourbon Henri IV
86%
1515-1547 Roi Valois François Ier
81%
1559-1560 Roi Valois François II
81%
1940-1944 Régime de Vichy Philippe Pétain
81%
1981-1995 Président de la Vème République François Mitterrand
80%
1060-1108 Roi Capétien Philippe Ier
72%
1180-1223 Roi Capétien Philippe II
72%
1270-1285 Roi Capétien Philippe III
72%
1285-1314 Roi Capétien Philippe IV
72%
1316-1322 Roi Capétien Philippe V
72%
1328-1350 Roi Valois Philippe VI
72%
1830-1848 Roi d'Orléans Louis-Philippe
71%
1793-1794 Groupe dominant à la Convention nationale Montagnards
68%
1954-1959 Président de la IVème République René Coty
66%
987-996 Roi Capétien Hugues
64%
1316-1316 Roi Capétien Jean Ier
62%
1350-1364 Roi Valois Jean II
62%
1871-1873 Président de la IIIème République Adolphe Thiers
60%
623-639 Roi Mérovingien Dagobert Ier
58%
676-679 Roi Mérovingien Dagobert II
58%
711-715 Roi Mérovingien Dagobert III
58%
751-768 Roi Carolingien Pépin
58%
922-923 Roi Robertien Robert Ier
57%
996-1031 Roi Capétien Robert II
57%
457-481 Chef Franc Childéric Ier
55%
662-675 Roi Mérovingien Childéric II
55%
743-751 Roi Mérovingien Childéric III
55%
1895-1899 Président de la IIIème République Félix Faure
52%
1873-1879 Président de la IIIème République Patrice de Mac Mahon
52%
1913-1920 Président de la IIIème République Raymond Poincaré
52%
1887-1894 Président de la IIIème République Sadi Carnot
49%
1947-1954 Président de la IVème République Vincent Auriol
49%
511-561 Roi Mérovingien Clotaire Ier
48%
584-629 Roi Mérovingien Clotaire II
48%
657-673 Roi Mérovingien Clotaire III
48%
717-719 Roi Mérovingien Clotaire IV
48%
1792-1793 Groupe dominant à la Convention nationale Girondins
46%
1931-1932 Président de la IIIème République Paul Doumer
46%
1932-1940 Président de la IIIème République Albert Lebrun
44%
561-584 Roi Mérovingien Chilpéric Ier
43%
715-721 Roi Mérovingien Chilpéric II
43%
1924-1931 Président de la IIIème République Gaston Doumergue
42%
1920-1920 Président de la IIIème République Paul Deschanel
42%
1969-1969 Intérim Alain Poher
40%
1974-1974 Intérim Alain Poher
40%
768-711 Roi Carolingien Carloman Ier
40%
879-884 Roi Carolingien Carloman II
40%
511-534 Roi Mérovingien Thierry Ier
40%
595-613 Roi Mérovingien Thierry II
40%
675-691 Roi Mérovingien Thierry III
40%
721-737 Roi Mérovingien Thierry IV
40%
1920-1924 Président de la IIIème République Alexandre Millerand
39%
1879-1887 Président de la IIIème République Jules Grévy
39%
v.451-457 Chef Franc Mérovée
39%
888-898 Roi Robertien Eudes
36%
954-986 Roi Carolingien Lothaire
36%
1946-1947 Gouvernement provisoire de la République française Léon Blum
35%
923-936 Roi Bivinide Raoul
34%
1894-1895 Président de la IIIème République Jean Casimir-Perier
33%
511-558 Roi Mérovingien Childebert Ier
32%
575-596 Roi Mérovingien Childebert II
32%
656-662 Roi Mérovingien Childebert III
32%
695-711 Roi Mérovingien Childebert IV
32%
1899-1906 Président de la IIIème République Emile Loubet
31%
1906-1913 Président de la IIIème République Armand Fallières
30%
1794-1795 Groupe dominant à la Convention nationale Thermidoriens
21%
511-524 Roi Mérovingien Clodomir
17%
561-575 Roi Mérovingien Sigebert Ier
17%
613-613 Roi Mérovingien Sigebert II
17%
639-656 Roi Mérovingien Sigebert III
17%
v.428-451 Chef Franc Clodion
16%
1795-1799 Principal Directeur Paul Barras
14%
561-592 Roi Mérovingien Gontran
13%
561-567 Roi Mérovingien Caribert Ier
12%
629-632 Roi Mérovingien Caribert II
12%
534-548 Roi Mérovingien Théodebert Ier
12%
595-612 Roi Mérovingien Théodebert II
12%
1848-1848 Gouvernement provisoire de 1848 Eugène Cavaignac
11%
548-555 Roi Mérovingien Thibaut
10%
1848-1848 Gouvernement provisoire de 1848 Jacques-Charles Dupont de l'Eure
9%
1870-1871 Chef du gouvernement de la Défense nationale Louis-Jules Trochu
9%
1848-1848 Gouvernement provisoire de 1848 François Arago
8%
1946-1946 Gouvernement provisoire de la République française Georges Bidault
8%
v.377-393 Officier au service de l'empire romain Richomer
8%
v.421-428 Chef Franc Theodomir
8%
1946-1946 Gouvernement provisoire de la République française Félix Gouin
7%
Aucun quiz correspondant
Distribution des résultats
% des personnes avec chaque résultat
Percentile par nombre de réponses
Votre historique - résultats
Vous n’avez pas pris ce quiz depuis la dernière actualisation